| 000 | 01284nam a22002057a 4500 | ||
|---|---|---|---|
| 003 | JO-AjAnu | ||
| 005 | 20250715104741.0 | ||
| 008 | 250715b jo ||||| |||| 00| 0 ara d | ||
| 040 |
_aJO-AjAnu _bara _cJO-AjAnu _dJO-AjAnu _erda |
||
| 041 |
_aara _hara |
||
| 050 |
_aLC4704 _b2025 |
||
| 100 | 1 |
_aابو سريه، علاء مشرف _eمعد _966588 |
|
| 245 | 0 |
_aفاعلية برنامج تدريبي قائم على الألعاب التعاونية التعليمية لتنمية المهارات الاجتماعية لدى الطلبة ذوي صعوبات التعلم = The Effectiveness of A training Program Based on Educational Cooperative Games to Develop Social Skills among Students with Learning Disabilities / _c اعداد علاء مشرف ابو سريه ؛ اشراف فيصل عيسى نواصرة |
|
| 260 | _c2025 | ||
| 300 | _a98 ورقة | ||
| 504 | _aرسالة جامعية(رسالة ماجستير)- جامعة عجلون الوطنية(عجلون، الاردن)-كلية العلوم التربوية، قسم التربية الخاصة ،تخصص صعوبات التعلم،2025. | ||
| 650 | 7 | 0 |
_aصعوبات التعلم-جوانب اجتماعية _966589 |
| 700 | 1 |
_aالنواصرة، فيصل عيسى. _eمشرف _965078 |
|
| 942 |
_2lcc _cTHS _n0 |
||
| 999 |
_c33942 _d33942 |
||